| 000 | 01751cam a2200133 4500500 | ||
|---|---|---|---|
| 005 | 20260405085536.0 | ||
| 041 | _afre | ||
| 042 | _adc | ||
| 100 | 1 | 0 |
_aClavé, Yannick _eauthor |
| 245 | 0 | 0 | _aLe monde romain : VIIIe siècle av. J.-C. - VIe s. apr. J.-C. |
| 260 |
_bArmand Colin,
_c2017. |
||
| 520 | _aDepuis la fondation de Rome au VIIIe siècle av. J.-C. jusqu’à la disparition de l’Empire romain aux Ve-VIe siècles apr. J.-C., les évolutions politiques, sociales, économiques et culturelles ont été innombrables, traduisant à la fois des phénomènes de rupture et de continuité. Toutes les périodes de l’histoire romaine sont abordées, à travers trois grandes parties chronologiques : les temps fondateurs et la République, le Haut-Empire, la « crise » du IIIe siècle et l’époque tardive.Conçu comme un véritable manuel, ce livre permet de faire un travail approfondi et efficace sur le monde romain antique, à la fois du point de vue des connaissances et des compétences propres à la discipline historique. Il est articulé autour de trois temps forts :- COURS : 13 chapitres, élaborés comme des cours universitaires structurés (introduction, problématique, exemples, sources), présentent les connaissances et les notions fondamentales. Cartes, illustrations, définitions, biographies et bibliographie permettent d’approfondir ces éléments.- MÉTHODES : les méthodes de la dissertation et du commentaire de document sont présentées et approfondies, avec de nombreux exemples de sujets corrigés.- ATLAS : en fin d’ouvrage, un atlas tout en couleur présente des cartes inédites. | ||
| 856 | 4 | 1 | _uhttps://shs.cairn.info/le-monde-romain--9782200618438?lang=fr&redirect-ssocas=7080 |
| 999 |
_c2198378 _d2198378 |
||